Statistics for European Coat of Arms

Click here to take the quiz!

General Stats

  • This quiz has been taken 9 times
  • The average score is 41 of 44

Answer Stats

Answer % Correct
Albania
100%
Netherlands
100%
Monaco
100%
Moldova
100%
Malta
100%
Andorra
100%
Portugal
100%
Italy
100%
Ireland
100%
San Marino
100%
Hungary
100%
Greece
100%
Germany
100%
Sweden
100%
Switzerland
100%
Denmark
100%
United Kingdom
100%
Bulgaria
100%
Bosnia and Herzegovina
100%
Belgium
100%
Belarus
100%
Austria
100%
Spain
89%
Ukraine
89%
Romania
89%
Poland
89%
Norway
89%
Luxembourg
89%
Montenegro
89%
Lithuania
89%
Liechtenstein
89%
Latvia
89%
Iceland
89%
France
89%
Estonia
89%
Croatia
89%
Vatican City
89%
North Macedonia
78%
Russia
78%
Serbia
78%
Slovakia
78%
Slovenia
78%
Finland
78%
Czech Republic
78%

Score Distribution

Percentile by Number Answered

Percent of People with Each Score

Your Score History

You have not taken this quiz